Nordic Capitals - Statistics

General Stats
  • This quiz has been taken 36 times
    24 since last reset
  • The average score is 7 of 9
Answer Stats
Hint Answer % Correct
Denmark Copenhagen
100%
Finland Helsinki
100%
Norway Oslo
100%
Sweden Stockholm
90%
Greenland Nuuk
80%
Iceland Reykjavik
70%
Svalbard Longyearbyen
40%
Åland Mariehamn
40%
Faroe Islands Tórshavn
40%
No matching quizzes found
Score Distribution
Percent of People with Each Score
Percentile by Number Answered
Your Score History
You have not taken this quiz since the last reset